=LDR 00000nam 2200000 4500 =001 INLIS000000000810464 =005 20260202104253 =035 ##$$a 0010-0126000006 =007 ta =008 260202###########################0#ara## =082 ##$$a 297.072 =084 ##$$a 297.072 JAV w =100 #$$a Mohammad Javier =245 1#$$a Wujubu sholati al-witri ala madzhabi al-imami Abi Hanifah /$c Ustadz Yusuf =260 ##$:$b PIAT 7,$c 2025 =300 ##$$a 22 hlm ; $c 21 x 29,7 cm. =990 ##$$a 00000005227